000 00435 a2200145 4500
999 _c7942
_d7942
020 _a9781603866040
050 _aBR115 WEB 2013
100 _aWeber, Max
245 _aThe Protestant ethic and the Spirit of Capitalism /
_cMax Weber
264 _aMilton Keynes:
_bMerchant Books;
_c2013.
300 _a131p. ;
500 _aIncludes endnotes
650 _xReligious affiliation and Social stratification
942 _2lcc
_cBK
_h115
_iWEB
_kBR